00864nam a2200205 a 450000100100000000500170001000800410002704000250006808200170009310000360011024501100014626000380025630000400029449000130033450000420034783000200038995201140040995201200052399900150064300000723920200929154115.0090907s2004 dr dj 000 0 spa d aDO-SdBNPbspacBNPHU axxxxbS4682e1 aSelman Hasbún, Abraham92008510aEnergía y destino nacionales :bla privatización como solución racional /cAbraham Selman Hasbún. aSanto Domingo :bTele-3,c[198-]. a63 p. :bgráf. , tablas. ;c21cm.1 aLuz ;v3 aIncluye datos biográficos del autor 0aLuz ;n3920086 0010718PDaPDbPDcHDd2009-09-07iLF1l0oxxxx S4682ep7239-10r2020-06-25w2020-06-25yLFPDZNo se presta 0010718PDaPDbPDcHDd2015-04-14iLF1l0oxxxx S4682ep7239-20r2020-06-25te. 2w2020-06-25yLFPDZNo se presta c7020d7020